| 000 | 01062nam0a22003131 4500 | ||
|---|---|---|---|
| 001 | RU\INGAK2\INFOCOMM_327\NLR\5000018538 | ||
| 005 | 20250625202419.0 | ||
| 035 | _a(NLR Aleph) 011024870 | ||
| 090 |
_a11084334 _c11084334 |
||
| 100 | _a20121217d1990 |||y0rusy50 ca | ||
| 101 | 0 | _aswe | |
| 102 | _aRU | ||
| 105 | _ay z|||| | ||
| 200 | 1 |
_aUr Rysslands skattkammare _fNikolaj Lalakin |
|
| 210 |
_aM. _cNovosti _d1990 |
||
| 215 |
_a72 с. _cил., цв. ил., портр. _d22 см |
||
| 225 | 1 | _aMuseer i Sovjetunionen | |
| 300 | _aНа обороте тит. л.: Тропинка к храму / Николай Дмитриевич Лалакин | ||
| 300 | _aНа обл. авт. не указан | ||
| 517 | 1 | _aТропинка к храму | |
| 606 | 0 |
_aМузеи _yСССР _91584784 _3RU\NLR\AUTH\66695908 |
|
| 620 | _aМосква | ||
| 686 |
_aТ3(2)е(2)л61 _2rubbk |
||
| 700 | 1 |
_aLalakin _bN. D. _gNikolaj Dmitrievič |
|
| 801 | 1 |
_aRU _bInfoComm _c20121217 |
|
| 801 | 0 |
_aRU _bNLR _gPSBO |
|
| 852 |
_aNLR _jИр51 Д-6/76 |
||
| 942 | _cBOOK | ||
| 980 | _aNB | ||